000
00260nam a22001217a 4500
082
_a
823
_b
TOM/H
100
_a
TOMATIS, MARCO
245
_a
THE HEART OF MOTHER NAZARENA MAJONE
260
_a
FRANCE
300
_a
31
650
_a
ENGLISH SHORT STORY
942
_c
BK
999
_c
3470
_d
3470